Algebraic eigenvalue problem (Record no. 754902)

MARC details
000 -LEADER
fixed length control field 00530nam a22001817a 4500
020 ## - INTERNATIONAL STANDARD BOOK NUMBER
ISBN 9780198534181
100 ## - MAIN ENTRY--AUTHOR NAME
Personal name Wilkinson, J H
245 ## - TITLE STATEMENT
Title Algebraic eigenvalue problem
260 ## - PUBLICATION, DISTRIBUTION, ETC. (IMPRINT)
Place of publication New York
Name of publisher Oxford university press
Year of publication 2004
300 ## - PHYSICAL DESCRIPTION
Number of Pages xviii+662
490 ## - SERIES STATEMENT
Series statement Numerical mathematics and scientific computation
490 ## - SERIES STATEMENT
Series statement Monographs on numerical analysis
650 ## - SUBJECT ADDED ENTRY--TOPICAL TERM
Topical Term Matrices
650 ## - SUBJECT ADDED ENTRY--TOPICAL TERM
Topical Term Perturbation theory
650 ## - SUBJECT ADDED ENTRY--TOPICAL TERM
Topical Term Iterative method
942 ## - ADDED ENTRY ELEMENTS (KOHA)
Source of classification or shelving scheme Dewey Decimal Classification
Koha item type Book
Holdings
Withdrawn status Lost status Damaged status Not for loan Home Library Current Location Shelving location Date acquired Full call number Accession Number Price effective from Koha item type Source of classification or shelving scheme Collection code Source of acquisition Cost, normal purchase price
        Dept. of Mathematics Dept. of Mathematics Processing Center 06/01/2022 512.943 WIL-A MAT3590 01/11/2019 Book        
        Dept. of Mathematics Dept. of Mathematics General Stacks 08/01/2026 512.943 WIL-A MATG221 08/01/2026 Book Dewey Decimal Classification Gift or donation Donated by Dr. Krishna Kumar G on the completion of SERB sponsored project (UO. No: Ad.F1/1373/2021 dated 22/01/2024) 12762.75